Thomas Tuchel's Chelsea - Statistics

General Stats
  • This quiz has been taken 29 times
  • The average score is 32 of 44
Answer Stats
Rank Player Position Nationality Matches Goals Assists % Correct
3 Antonio Rüdiger Centre-Back 79 6 5
97%
8 Christian Pulisic Right Winger 71 12 9
97%
1 Mason Mount Attacking Midfield 87 19 20
97%
11 N'Golo Kanté Defensive Midfield 68 2 6
97%
18 Romelu Lukaku Centre-Forward 44 15 2
97%
13 Timo Werner Left Winger 61 14 15
97%
15 Andreas Christensen Centre-Back 53 2 1
93%
2 César Azpilicueta Centre-Back 80 4 4
93%
5 Edouard Mendy Goalkeeper 78 0 0
93%
10 Hakim Ziyech Right Winger 69 12 6
93%
4 Jorginho Defensive Midfield 79 14 5
93%
6 Kai Havertz Centre-Forward 75 19 9
93%
14 Marcos Alonso Left-Back 60 7 6
93%
12 Mateo Kovacic Central Midfield 67 2 6
93%
7 Reece James Right-Back 74 7 12
93%
9 Thiago Silva Centre-Back 70 3 3
93%
19 Ben Chilwell Left-Back 39 6 5
90%
21 Kepa Arrizabalaga Goalkeeper 24 0 0
86%
16 Callum Hudson-Odoi Left Winger 46 3 8
83%
28 Marc Cucurella Left-Back 7 0 2
83%
17 Ruben Loftus-Cheek Central Midfield 46 1 5
83%
41 Pierre-Emerick Aubameyang Centre-Forward 1 0 0
79%
29 Tammy Abraham Centre-Forward 7 1 0
79%
35 Armando Broja Centre-Forward 5 0 0
76%
32 Billy Gilmour Defensive Midfield 5 0 0
76%
31 Emerson Left-Back 6 1 0
76%
30 Kalidou Koulibaly Centre-Back 6 1 0
76%
26 Olivier Giroud Centre-Forward 13 2 0
76%
20 Trevoh Chalobah Centre-Back 31 4 1
76%
37 Wesley Fofana Centre-Back 2 0 0
76%
27 Raheem Sterling Right Winger 7 3 1
72%
33 Conor Gallagher Central Midfield 5 0 0
69%
24 Kurt Zouma Centre-Back 14 1 0
66%
22 Saúl Ñíguez Central Midfield 23 1 0
59%
25 Ross Barkley Central Midfield 14 1 0
55%
42 Lewis Hall Left-Back 1 0 1
45%
23 Malang Sarr Centre-Back 21 0 0
45%
36 Kenedy Left Winger 3 0 1
41%
40 Marcus Bettinelli Goalkeeper 1 0 0
34%
34 Harvey Vale Attacking Midfield 5 0 0
24%
38 Jude Soonsup-Bell Centre-Forward 1 0 0
14%
43 Tino Anjorin Attacking Midfield 1 0 0
14%
39 Xavier Simons Defensive Midfield 1 0 0
10%
44 Lewis Baker Central Midfield 1 0 0
7%
No matching quizzes found
Score Distribution
Percent of People with Each Score
Percentile by Number Answered
Your Score History
You have not taken this quiz